01381nam a2200169Ia 4500001001300000003001000013008004100023040002500064041000700089100003000096245003900126250001100165260003100176300001200207500095100219650004101170b5677-38511 IT-MiCISF161014s9999||||xx |||||||||||||| ||und|| aIT-MiCISFcIT-MiCISF ait aBonetti Renzo (a cura di) 0aMistero pasquale e mistero nuziale a1a ed. a RomabCittà nuovac2003 app. 357 aMarengo G., Zanattoni M., Gillini G., Bartolini E., Mazzanti G., Pilloni F., Oreglia D. e N., Brambilla F.G., Castellano Cervera J., Lombardo P., Vanni U., Campanini G., Crociani L., Zattoni M. / matrimonio-sacramento, spiritualità-coniugale, teologia, antropologia, bibbia, educazione-familiare / Il matrimonio partecipa del mistero pasquale molto più di quanto la semplice vicenda umana potrebbe far supporre: il mistero nuziale non si consuma tra le pareti di casa, ma porta fino alle tappe più elevate del cammino spirituale. In questo senso, ogni coppia è chiamata a vivere la mistica nuziale, diventando luogo e spazio di un amore più grande. E' questo il tema ed il messaggio della Sesta Settimana di studio sulla spiritualità coniugale e familiare, di cui il questo volume presenta gli atti. Come sempre, con contributi dei massimi studiosi di teologia e spiritualità familiare, ed una straordinaria ricchezza di contenuti. a Temi di pastorale / matrimonioe012